[Event "Gothenburg Elo"]
[Site "Gothenburg"]
[Date "2008.08.09"]
[Round "8"]
[White "Eriksson, Linus"]
[Black "Wickstrom, Tommy"]
[Result "1/2-1/2"]
[WhiteElo "1902"]
[BlackElo "1958"]
[PlyCount "34"]
[EventDate "2008.08.02"]
[EventType "tourn"]
[EventRounds "9"]
[EventCountry "SWE"]
[SourceTitle "CBM 125 Extra"]
[Source "ChessBase"]
[SourceDate "2008.09.01"]
[SourceVersion "1"]
[SourceVersionDate "2008.09.01"]
[SourceQuality "1"]

1. d4 d5 2. Nf3 Nf6 3. e3 e6 4. Bd3 c5 5. c3 Nc6 6. Nbd2 Bd6 7. 0-0 0-0 8. Qe2 e5 9. dxc5 Bxc5 10. e4 d4 11. Nb3 Bb6 12. cxd4 Nxd4 13. Nbxd4 Bxd4 14. Nxd4 Qxd4 15. Be3 Qd6 16. Bg5 Rd8 17. Bxf6 Qxf6 1/2-1/2

[Event "Gothenburg Elo"]
[Site "Gothenburg"]
[Date "2008.08.03"]
[Round "2"]
[White "Eriksson, Linus"]
[Black "Holvason, Juri"]
[Result "0-1"]
[WhiteElo "1902"]
[BlackElo "2041"]
[PlyCount "58"]
[EventDate "2008.08.02"]
[EventType "tourn"]
[EventRounds "9"]
[EventCountry "SWE"]
[SourceTitle "CBM 125 Extra"]
[Source "ChessBase"]
[SourceDate "2008.09.01"]
[SourceVersion "1"]
[SourceVersionDate "2008.09.01"]
[SourceQuality "1"]

1. d4 Nf6 2. Nf3 g6 3. e3 Bg7 4. Bd3 d6 5. b3 c6 6. Bb2 0-0 7. Nbd2 Nbd7 8. 0-0 Re8 9. e4 Qc7 10. Qe2 Nh5 11. Qe3 e5 12. h3 Nf4 13. dxe5 dxe5 14. Bc4 b5 15. Bd3 Bh6 16. Kh2 Nf6 17. Qc5 Bxh3 18. gxh3 Qd7 19. Ng1 Nxd3 20. cxd3 Bxd2 21. Bxe5 Nh5 22. Bg3 Qxd3 23. Qxc6 Qxe4 24. Qxb5 Rad8 25. f3 Qc2 26. Rf2 Nxg3 27. Kxg3 Re1 28. Rf1 Bf4+ 29. Kxf4 Qh2+ 0-1